|
|
|
|
| LEADER |
00000cam a2200000 7i4500 |
| 001 |
0000003213 |
| 005 |
20050316.0 |
| 020 |
0 |
0 |
|a 9832871654
|
| 090 |
0 |
0 |
|a 581.959511541
|b FAR
|
| 100 |
0 |
0 |
|a Faridah Hanun
|
| 245 |
0 |
0 |
|a A guide to the common plants of Ayer Hitam Forest, Selangor Peninsular Malaysia
|c Faridah Hanun, Shamsul Khamis
|
| 260 |
0 |
0 |
|a Serdang, Selangor :
|b Universiti Putra Malaysia Press ,
|c 2004
|
| 300 |
|
|
|a xxxiv, 219 p. :
|b ill. ;
|c 17 cm.
|
| 650 |
0 |
0 |
|a Botany
|z Selangor
|z Ayer Hitam
|
| 650 |
0 |
0 |
|a Forest and forestry
|z Selangor
|z Ayer Hitam
|
| 650 |
0 |
0 |
|a Plants
|z Selangor
|z Ayer Hitam
|
| 700 |
1 |
1 |
|a Shamsul Khamis
|
| 999 |
|
|
|a 0000005887
|b Monograph
|c Open Shelf
|e Default branch
|
| 999 |
|
|
|a 0000005888
|b Monograph
|c Open Shelf
|e Default branch
|
| 999 |
|
|
|a 0000005889
|b Monograph
|c Open Shelf
|e Default branch
|
| 999 |
|
|
|a 0000005890
|b Monograph
|c Open Shelf
|e Default branch
|
| 999 |
|
|
|a 0000005891
|b Monograph
|c Open Shelf
|e Default branch
|
| 999 |
|
|
|a 0000005945
|b Monograph
|c Open Shelf
|e Default branch
|